Λέσχη αλλόκοτων επαγγελμάτων
Αποθηκεύτηκε σε:
| Κύριος συγγραφέας: | |
|---|---|
| Μορφή: | Βιβλίο |
| Γλώσσα: | Greek English |
| Δημοσίευση: |
Αθήνα :
Άγρα,
2005, c1988
|
| Θέματα: | |
| Ετικέτες: |
Προσθήκη ετικέτας
Δεν υπάρχουν, Καταχωρήστε ετικέτα πρώτοι!
|
MARC
| LEADER | 00000nam a2200000 i 4500 | ||
|---|---|---|---|
| 001 | 1/90432 | ||
| 008 | 080703s1988 gre d | ||
| 020 | |a 960-325-493-2 | ||
| 035 | |l 10098681 | ||
| 040 | |a GR-MY-UA |b gre |e aacr | ||
| 041 | 1 | |a gre |h eng | |
| 082 | 0 | |a 823 |2 (22) | |
| 100 | 1 | |a Chesterton, G. K. |q (Gilbert Keith) |d 1874-1936. | |
| 245 | 1 | 0 | |a Λέσχη αλλόκοτων επαγγελμάτων / |c Gilbert Keith Chesterton ; μετάφραση: Γαβριήλ Νικολάου Πεντζίκης |
| 260 | |a Αθήνα : |b Άγρα, |c 2005, c1988 | ||
| 300 | |a 227 σ.; |c 17 εκ. | ||
| 500 | |a Τίτλος πρωτοτύπου: The club of the queer trades | ||
| 650 | 0 | 0 | |a Private investigators |z England |z London |x Fiction. |
| 852 | |a INST |b SYROS |e 20080703 |h 823 CHE |p 005500005759 |q 005500005759 |t BK |y 0 | ||
| 901 | |a BIBL5-2008-2 | ||
| 909 | |a Ε |b 145916 | ||
| 922 | |a 5ΕΛΗ |b 200802 |c ΕΠΕΑΕΚ2/ΤΜΣΠΣ |d Σ. ΠΑΤΑΚΗΣ | ||
| 970 | |a ΚΟΝΤΟΥ |b ΠΑΡΑΣΚΕΥΗ |z 2008/07/03 | ||